MAASAI MARA UNIVERSITY

LIBRARY CATALOGUE

Contact Us: +254 020 2685356/7 or 0774 057787

Box: 861-20500, NAROK, KENYA

Email: info@mmarau.ac.ke

Demographic methods and concepts / (Record no. 32941)

MARC details
000 -LEADER
fixed length control field 01421nam a22003377a 4500
001 - CONTROL NUMBER
control field 13389931
003 - CONTROL NUMBER IDENTIFIER
control field OSt
005 - DATE AND TIME OF LATEST TRANSACTION
control field 20240903112804.0
008 - FIXED-LENGTH DATA ELEMENTS--GENERAL INFORMATION
fixed length control field 240903b |||||||| |||| 00| 0 eng d
010 ## - LIBRARY OF CONGRESS CONTROL NUMBER
LC control number 2003542918
015 ## - NATIONAL BIBLIOGRAPHY NUMBER
National bibliography number GBA2-U5874
020 ## - INTERNATIONAL STANDARD BOOK NUMBER
International Standard Book Number 9780198752639
040 ## - CATALOGING SOURCE
Original cataloging agency MMU
Transcribing agency MMU
Modifying agency MMU
Language of cataloging eng
042 ## - AUTHENTICATION CODE
Authentication code lccopycat
050 00 - LIBRARY OF CONGRESS CALL NUMBER
Classification number HB849.53
Item number .R69 2003
082 04 - DEWEY DECIMAL CLASSIFICATION NUMBER
Classification number 304.6072
Edition number 21
100 1# - MAIN ENTRY--PERSONAL NAME
Personal name Rowland, D. T.
Fuller form of name (Donald Trevor)
9 (RLIN) 1480
245 10 - TITLE STATEMENT
Title Demographic methods and concepts /
Statement of responsibility, etc. Donald T. Rowland.
260 ## - PUBLICATION, DISTRIBUTION, ETC. (IMPRINT)
Place of publication, distribution, etc. Oxford ;
-- New York :
Name of publisher, distributor, etc. Oxford University Press,
Date of publication, distribution, etc. 2003.
300 ## - PHYSICAL DESCRIPTION
Extent ix,546 pages :
Other physical details Illustrations ;
Dimensions 25 cm. +
Accompanying material 1 optical computer disc (4 3/4 in.)
504 ## - BIBLIOGRAPHY, ETC. NOTE
Bibliography, etc Includes bibliographical references and index.
538 ## - SYSTEM DETAILS NOTE
System details note System requirements for accompanying CD-ROM: Microsoft Excel and CD-ROM drive.
650 #0 - SUBJECT ADDED ENTRY--TOPICAL TERM
Topical term or geographic name as entry element Population forecasting
General subdivision Methodology.
9 (RLIN) 1481
650 #0 - SUBJECT ADDED ENTRY--TOPICAL TERM
Topical term or geographic name as entry element Population research
General subdivision Methodology.
9 (RLIN) 1482
650 #0 - SUBJECT ADDED ENTRY--TOPICAL TERM
Topical term or geographic name as entry element Demography
General subdivision Methodology.
9 (RLIN) 1483
856 42 - ELECTRONIC LOCATION AND ACCESS
Materials specified Publisher description
Uniform Resource Identifier <a href="http://www.loc.gov/catdir/enhancements/fy0616/2003542918-d.html">http://www.loc.gov/catdir/enhancements/fy0616/2003542918-d.html</a>
856 41 - ELECTRONIC LOCATION AND ACCESS
Materials specified Table of contents only
Uniform Resource Identifier <a href="http://www.loc.gov/catdir/enhancements/fy0616/2003542918-t.html">http://www.loc.gov/catdir/enhancements/fy0616/2003542918-t.html</a>
856 42 - ELECTRONIC LOCATION AND ACCESS
Materials specified Contributor biographical information
Uniform Resource Identifier <a href="http://www.loc.gov/catdir/enhancements/fy0724/2003542918-b.html">http://www.loc.gov/catdir/enhancements/fy0724/2003542918-b.html</a>
942 ## - ADDED ENTRY ELEMENTS (KOHA)
Source of classification or shelving scheme Library of Congress Classification
Koha item type L
Holdings
Withdrawn status Lost status Source of classification or shelving scheme Damaged status Not for loan Home library Current library Date acquired Source of acquisition Cost, normal purchase price Total Checkouts Full call number Barcode Date last seen Price effective from Koha item type
    Library of Congress Classification     Maasai Mara University Library -Main Campus Maasai Mara University Library -Main Campus 09/03/2024 Purchased 8800.00   HB849.53 .R69 2003 24039905 09/03/2024 09/03/2024 L
    Library of Congress Classification     Maasai Mara University Library -Main Campus Maasai Mara University Library -Main Campus 09/03/2024 Purchased 8800.00   HB849.53 .R69 2003 24039906 09/03/2024 09/03/2024 L
© 2016 Maasai Mara University.